The preservation of timber in historic buildings (Record no. 76050)

MARC details
000 -LEADER
fixed length control field 00761cab a2200193 4500
001 - CONTROL NUMBER
control field ##L131340
008 - FIXED-LENGTH DATA ELEMENTS--GENERAL INFORMATION
fixed length control field 051021n2005 000 0 eng u
035 ## - SYSTEM CONTROL NUMBER
System control number (Sirsi) u131340
041 0# - LANGUAGE CODE
Language code of text/sound track or separate title eng
100 1# - MAIN ENTRY--PERSONAL NAME
Personal name Holland, Edward
245 04 - TITLE STATEMENT
Title The preservation of timber in historic buildings
260 ## - PUBLICATION, DISTRIBUTION, ETC.
Date of publication, distribution, etc. 2005
490 00 - SERIES STATEMENT
Series statement Property Care
Volume/sequential designation (14) Summer 2005, 7-9(3)
520 ## - SUMMARY, ETC.
Summary, etc. The author discusses some of the problems encountered with the repair and maintenance of timber features in historic buildings, giving practical examples from his own experience.
590 ## - LOCAL NOTE (RLIN)
Local note IKA251005
650 24 - SUBJECT ADDED ENTRY--TOPICAL TERM
Topical term or geographic name entry element PLANNING (LISTED BUILDINGS AND CONSERVATION AREAS) ACT 1990
690 ## - LOCAL SUBJECT ADDED ENTRY--TOPICAL TERM (OCLC, RLIN)
Topical term or geographic name as entry element BUILT ENVIRONMENT-BUILDING TYPES-HISTORIC BUILDINGS AND ANCIENT MONUMENTS
942 ## - ADDED ENTRY ELEMENTS (KOHA)
Suppress in OPAC 0
Holdings
Withdrawn status Lost status Source of classification or shelving scheme Damaged status Not for loan Home library Current library Shelving location Date acquired Total Checkouts Full call number Barcode Date last seen Copy number Price effective from Koha item type
    Dewey Decimal Classification     London London Journal article 21/10/2005   L131340 131340-1001 06/08/2019 1 06/08/2019 Journal article